Cities in Movies #2 - Statistics

General Stats
  • This quiz has been taken 131 times
    126 since last reset
  • The average score is 6 of 12
Answer Stats
Hint Answer % Correct
Get Rich Or Die Tryin' New York
91%
Jackie Brown Los Angeles
79%
La Dolce Vita Rome
68%
Akira Tokyo
64%
City of God Rio de Janeiro
63%
Gorky Park Moscow
52%
A Streetcar Named Desire New Orleans
50%
Driving Miss Daisy Atlanta
36%
Three Days of the Condor Washington, D.C.
23%
Taxi (1998) Marseille
15%
The Raid Jakarta
12%
To Be Or Not To Be Warsaw
10%
No matching quizzes found
Score Distribution
Percent of People with Each Score
Percentile by Number Answered
Your Score History
You have not taken this quiz since the last reset